000 00600nam a2200169Ia 4500
003 GCL
008 140319s9999 xx 000 0 ara d
040 _aGCL /
_cGCL
082 0 4 _a001.6425
_bم ن
100 1 _aمحمد السعيد خشبة
245 1 0 _aنظم تشغيل الحاسب الشخصى :
_bالدوس /
_cمحمد السعيد خشبة
260 _aالقاهرة :
_bدار المعارف ،
_c1991
300 _a352 ص:
_bايض ؛
_c24 سم
490 _aكتب برمجيات الحاسب
_v1
650 0 4 _aالحاسبات الالكترونية - برامج
942 _2ddc
_cBK
999 _c53402
_d53402